<?xml version="1.0" encoding="UTF-8"?>
<record
    xmlns:xsi="http://www.w3.org/2001/XMLSchema-instance"
    xsi:schemaLocation="http://www.loc.gov/MARC21/slim http://www.loc.gov/standards/marcxml/schema/MARC21slim.xsd"
    xmlns="http://www.loc.gov/MARC21/slim">

  <leader>00547cam a22001814a 4500</leader>
  <controlfield tag="001">sa 64000392 </controlfield>
  <controlfield tag="003">DLC</controlfield>
  <controlfield tag="005">20260227111955.0</controlfield>
  <controlfield tag="008">950531s1961    ii            000 1 urdo </controlfield>
  <datafield tag="010" ind1=" " ind2=" ">
    <subfield code="a">sa 64000392 </subfield>
  </datafield>
  <datafield tag="040" ind1=" " ind2=" ">
    <subfield code="a">DLC</subfield>
    <subfield code="c">DLC</subfield>
  </datafield>
  <datafield tag="050" ind1="0" ind2="0">
    <subfield code="a">PK2199.N198</subfield>
    <subfield code="b">S25 1961</subfield>
  </datafield>
  <datafield tag="100" ind1="1" ind2=" ">
    <subfield code="a">Nad&#x12B;m Q&#x101;sim&#x12B;, A&#x1E25;mad,</subfield>
    <subfield code="d">1916-2006.</subfield>
  </datafield>
  <datafield tag="245" ind1="1" ind2="0">
    <subfield code="a">Sail&#x101;b o gird&#x101;b :</subfield>
    <subfield code="b">do majm&#x16B;&#x2BB;on&#x332; ke muntak&#x332;h&#x332;ab afs&#x101;ne /</subfield>
    <subfield code="c">A&#x1E25;mad Nad&#x12B;m Q&#x101;sim&#x12B;.</subfield>
  </datafield>
  <datafield tag="260" ind1=" " ind2=" ">
    <subfield code="a">L&#x101;haur :</subfield>
    <subfield code="b">Muktabah-yi K&#x101;rv&#x101;n&#x332;,</subfield>
    <subfield code="c">[1961]</subfield>
  </datafield>
  <datafield tag="300" ind1=" " ind2=" ">
    <subfield code="a">228 p. ;</subfield>
    <subfield code="c">19 cm.</subfield>
  </datafield>
  <datafield tag="546" ind1=" " ind2=" ">
    <subfield code="a">In Urdu.</subfield>
  </datafield>
  <datafield tag="999" ind1=" " ind2=" ">
    <subfield code="c">56187</subfield>
    <subfield code="d">56187</subfield>
  </datafield>
</record>
